• 首页
  • 本馆介绍
  • 公告通知
  • 最新文献
  • 馆藏检索
  • 电子资源
  • 读者导购
  • 参考咨询
  • 我的图书馆
  • 登录
  • 详细信息显示
  • 放入我的书架
  • 预约/预借图书
  • 作者相关作品
  • 分类相关作品
  • 丛书相关作品
  • 出版社相关作品

书目信息

  • 表格格式
  • 工作单格式
  • 卡片格式
题名:
傲慢与偏见
    
 
作者: 奥斯汀 著 ;杨林 译
分册:  
出版信息: 北京   民主与建设出版社有限责任公司  2020.02
页数: 252页
开本: 21cm
丛书名:
单 册:
中图分类: I561.44 , H319.4
科图分类:
主题词: 长篇小说--英国--近代 , 英语
电子资源:
ISBN: 978-7-5139-2748-2
000 01201nam0 2200289 450
001 2131994333
005 20211013085512.26
010    @a978-7-5139-2748-2
100    @a20200323d2020 em y0chiy50 ea
101 1  @achi@ceng
102    @aCN@b110000
105    @ac z 000ay
200 1  @a傲慢与偏见@9ao man yu pian jian@b专著@dPride and prejudice@e英文版@f(英)简·奥斯汀著@g杨林译@zeng
210    @a北京@c民主与建设出版社有限责任公司@d2020.02
215    @a252页@c画像@d21cm@e1英文本(252页)
330    @a凡是有钱的单身男子,都要娶妻生子,这是天经地义的事。这种单身男子,每当搬到一个新地方,邻居们就算对他的脾气秉性完全不了解,也会马上把他看成是某一位女儿理应得到的一笔财产,似乎这一条真理早已在人们的心里根深蒂固了。“亲爱的班内特先生,”有一天班内特太太对丈夫说:“你听说了没有,尼日斐花园到底还是租出去了?”……本书买中文版赠英文版。
333    @a小说爱好者
510 1  @aPride and prejudice@zeng
517 1  @a英文版@AYing Wen Ban
606 0  @a长篇小说@y英国@z近代
606 0  @a英语
690    @aI561.44@v5
690    @aH319.4@v4
701  0 @c(英)@a奥斯汀@9ao si ting@c(Austen, Jane)@4著
702  0 @a杨林@9yang lin@4译
801  0 @aCN@b人天书店@c20200323
905    @dH319.4@e2220
    
    傲慢与偏见=Pride and prejudice:英文版/(英)简·奥斯汀著/杨林译.-北京:民主与建设出版社有限责任公司,2020.02
    252页:画像;21cm+1英文本(252页)
    使用对象:小说爱好者
    
    ISBN 978-7-5139-2748-2:
    凡是有钱的单身男子,都要娶妻生子,这是天经地义的事。这种单身男子,每当搬到一个新地方,邻居们就算对他的脾气秉性完全不了解,也会马上把他看成是某一位女儿理应得到的一笔财产,似乎这一条真理早已在人们的心里根深蒂固了。“亲爱的班内特先生,”有一天班内特太太对丈夫说:“你听说了没有,尼日斐花园到底还是租出去了?”……本书买中文版赠英文版。
●
相关链接 在E读中查询图书 在五车中查询图书 在当当中查询图书 在豆瓣中查询图书


正题名:傲慢与偏见     索取号:H319.4/2220         预约/预借

序号 登录号 条形码 馆藏地/架位号 状态 备注
1 1055418   210554185   第二样本阅览室/ [索取号:H319.4/2220] 在馆    
2 1055419   210554194   第四借阅区/ [索取号:H319.4/2220] 在馆    
3 1055420   210554201   第四借阅区/ [索取号:H319.4/2220] 在馆    
4 1055421   210554210   第四借阅区/ [索取号:H319.4/2220] 在馆    
唐山师范学院图书馆 欢迎您!
大连网信软件有限公司© 版权所有